| 000 | 01524cam a22001934a 4500 | ||
|---|---|---|---|
| 005 | 20250605164400.0 | ||
| 008 | 250528s ||||||||||||||||||||||||d | ||
| 035 | _a24551 | ||
| 040 |
_aGR-AtMCL _bgre _dGR-AtMCL _eAACR2 |
||
| 245 | 1 |
_aΤεχνικά Υλικά. _nΤόμος 2 |
|
| 260 |
_aΑθήνα _bΕ.Μ. Πολυτεχνείο, _c2002 |
||
| 300 | _a100 | ||
| 520 | _aΠροστασία από Θερμότητα-Ψύχος, Χρησιμότητα της Θερμομόνωσης στις Κατασκευές, Μετάδοση της Θερμότητας στο Χώρο, Παράγοντες οι Οποίοι Επηρεάζουν το Συντελεστή Θερμικής Αγωγιμότητας, Υπολογισμός των Μεγεθών Λ και Κ, Θερμοχωρητικότητα, Θερμοκρασία Ποδιού, Θερμομονωτικά Υλικά, Εφαρμογές Θερμομόνωσης, Προστασία από την Υγρασία, Η Υγρασία του Αέρα, Φράγμα Υδρατμών, Εφαρμογές Υγρομόνωσης, Προστασία έναντι του Ήχου, Ηχητικά Κύματα, Φαινόμενα κατά την Ηχοδιάδοση, Είδη Ήχων, Ηχοαπορροφητικά Υλικά, Ηχομόνωση, Βιβλιογραφία, Περιεχόμενα. | ||
| 700 | 1 |
_aΚορωναίος Αιμίλιος Γ _93592 |
|
| 700 | 1 |
_aΠουλάκος Γεώργιος Ι _99467 |
|
| 942 | _cCR | ||
| 999 |
_c9427 _d9427 |
||